| 000 | 00709nam a2200241Ia 4500 | ||
|---|---|---|---|
| 005 | 20250425162330.0 | ||
| 008 | 250425s9999 xx 000 0 und d | ||
| 020 | _a9783503103430 | ||
| 041 | _aeng | ||
| 082 |
_a338.4791 _pKEL |
||
| 100 | _aKeller, Peter | ||
| 245 | 0 |
_aProductivity in tourism: Fundamentals amd concepts for archieving growth and competitiveness _cPeter, Keller |
|
| 250 | _aS.E. | ||
| 260 |
_aAlemania _bErich Schmidt Verlag _c2007 |
||
| 300 |
_a252 página _bilustración _c24 cm |
||
| 504 | _abibliografía | ||
| 650 | _aExamen empírico | ||
| 650 | _aProductividad y turismo | ||
| 700 | _aThomas, Bieger | ||
| 902 |
_aMonográfico _cImpreso |
||
| 942 | _c01 | ||
| 010 | _a62984 | ||
| 999 |
_c227041 _d227041 |
||